International Airports in Japan- Sudden Death - Statistics

General Stats
  • This quiz has been taken 124 times
    13 since last reset
  • The average score is 4 of 13
Answers on the Grid
Answers color-coded by a green-red scale on the quiz's grid according to % correct below.
Tokyo Haneda Airport, Tokyo (HND)
Tokyo Narita Airport, Narita (NRT)
Kumamoto Airport, Kumamoto (KMJ)
Kushiro Airport, Kushiro (KUH)
Sapporo Okadama Airport, Sapporo [OKD]
Osaka Itami Airport, Osaka (ITM)
Osaka Kansai Airport, Osaka (KIX)
Sapporo Chitose Airport, Chitose (CTS)
Kochi Airport, Kochi (KCZ)
Naha Airport, Naha [OKA]
Akita Airport, Akita (AXT)
Chubu Centrair Airport, Nagoya (NGO)
Amami Airport, Amami (ASJ)
Nagoya Airport, Nagoya [NKM]
Nanki-Shirahama Airport,Shirahama (SHM)
Tokushima Airport, Tokushima [TKS]
Yonago Kitaro Airport, Yonago [YGJ]
Misawa Airport, Misawa [MSJ]
Asahikawa Airport (AKJ)
Sendai Airport, Sendai (SDJ)
 
Answer Stats
Answer % Correct
Tokyo Haneda Airport, Tokyo (HND)
83%
Tokyo Narita Airport, Narita (NRT)
83%
Osaka Kansai Airport, Osaka (KIX)
50%
Chubu Centrair Airport, Nagoya (NGO)
42%
Naha Airport, Naha [OKA]
42%
Kumamoto Airport, Kumamoto (KMJ)
33%
Sapporo Chitose Airport, Chitose (CTS)
25%
Sendai Airport, Sendai (SDJ)
25%
Kochi Airport, Kochi (KCZ)
17%
Tokushima Airport, Tokushima [TKS]
17%
Akita Airport, Akita (AXT)
8%
Asahikawa Airport (AKJ)
8%
Yonago Kitaro Airport, Yonago [YGJ]
8%
No matching quizzes found
Score Distribution
Percent of People with Each Score
Percentile by Number Answered
Your Score History
You have not taken this quiz since the last reset